Top 10 mejores equipos de futbol del mundo - Estadísticas

Estadísticas generales
  • Esta prueba ha sido intentada 105 veces
  • La puntuación promedio es 1 de 10
Estadísticas de respuestas
Hint Respuesta % Correcto
1 Futbol Club Barcelona
100%
2 Real Betis Balompié
8%
6 Futbol Femboy Club
2%
3 Futbol Club Lima
1%
4 Futbol Club WhatsApp
1%
5 Pe causa Club
1%
8 Atletic Futanari
0%
9 Atlético del ETA
0%
7 Real Perú
0%
10 Skibidy rizz sigma soccer
0%
No se encontraron pruebas coincidentes
Distribución de puntuación
Porcentaje de gente con cada puntuación
Porcentaje por número respondido
Historial de tus puntuaciones
No has intentado esta prueba.